00766nam a22001937a 4500003000900000008004100009040007100050082001800121100001800139245006000157260002400217300004100241440002700282505018400309650002400493650002100517650001600538700001800554AR-CdUCM190304b ||||| |||| 00| 0 spa d aMUNICIPALIDAD PROVINCIAL DEL CUSCOcBIBLIOTECA MUNICIPAL DEL CUSCO a338.98 /bP59 aPinto, Anibal aAmérica Latina y el cambio en la economía mundial / aLima :bIEP,c1973. a191 páginas ;bCuadros ;c19.5 cm. aAmérica problema.n8 aContenido: Marginalización y dependencia de América Latina -- Nexos estratégicos entre América Latina y Estados Unidos. Las relaciones económicas en los años 1960 ...  aSistema económico aComercio externo aInversión aKñakal, Jan